Films de Michel Ocelot par images - Statistiques

Statistiques générales
  • Ce quiz a été pris 136 fois
  • Le résultat moyen est 4 sur 9
Statistiques - réponses
Par images Hint Réponse % Correct
2006 Azur et Asmar
93%
1998 Kirikou et la Sorcière
84%
2000 Princes et Princesses
69%
2005 Kirikou et les Bêtes sauvages
47%
2018 Dilili à Paris
39%
2012 Kirikou et les Hommes et les Femmes
33%
2011 Les Contes de la nuit
33%
2022 Le Pharaon, le Sauvage et la Princesse
13%
2016 Ivan Tsarevitch et la princesse changeante
12%
Aucun quiz correspondant
Distribution des résultats
% des personnes avec chaque résultat
Percentile par nombre de réponses
Votre historique - résultats
Vous n’avez pas pris ce quiz